| 000 | 01463nam2a2200301 4500 | ||
|---|---|---|---|
| 001 | RU\NLR\bibl\1393541 | ||
| 005 | 20250615201806.0 | ||
| 010 |
_a978-5-283-03291-7 _bт. 1 _9300 |
||
| 021 |
_aRU _b2009-40857 _92483 |
||
| 035 | _a(NLR Aleph) 001385570 | ||
| 090 |
_a1129344 _c1129344 |
||
| 100 | _a20090720d2009 |||y0rusy50 ca | ||
| 101 | 0 | _arus | |
| 102 | _aRU | ||
| 105 | _aa ||||||||| | ||
| 200 | 1 | _aЛинейные ускорители для генерации тормозного излучения и нейтронов | |
| 210 |
_d2009 _aБ. м. |
||
| 215 |
_a271 c. _cил. |
||
| 320 | _aБиблиогр.: с. 255-268 | ||
| 461 | 0 |
_1001RU\NLR\bibl\1672724 _12001#$aДистанционный радиационный контроль с линейными ускорителями$vТ. 1 _9999290 _cМосква _d2009 _fБ.Ю. Богданович, А.В. Нестерович, А.Е. Шиканов [и др.] _nЭнергоатомиздат _oв 2 т. _tДистанционный радиационный контроль с линейными ускорителями _y978-5-283-03290-0 _vТ. 1 |
|
| 606 | 1 |
_aНейтронные генераторы _91363721 _3RU\NLR\auth\66256476 |
|
| 606 | 1 |
_aЛинейные ускорители заряженных частиц _92354319 _3RU\NLR\auth\661406344 |
|
| 686 | _aВ381.25 | ||
| 801 | 0 |
_aRU _bNLR _c20090720 _gRCR |
|
| 801 | 1 |
_aRU _bNLR _c20090720 |
|
| 942 | _cBOOK | ||
| 980 | _aNB | ||